|
|
|
|
| LEADER |
00000nam0a2200000 4500 |
| 001 |
94626 |
| 005 |
20231101213948.0 |
| 035 |
|
|
|a (RuTPU)RU\TPU\book\101366
|
| 090 |
|
|
|a 94626
|
| 100 |
|
|
|a 20060413d1965 m y0rusy50 ca
|
| 101 |
1 |
|
|a rus
|c eng
|
| 102 |
|
|
|a RU
|
| 105 |
|
|
|a a z 001zy
|
| 200 |
1 |
|
|a Нейтронное излучение и активационный анализ
|f Д. Тейлор
|g под ред. А. С. Штань
|
| 210 |
|
|
|a Москва
|c Атомиздат
|d 1965
|
| 215 |
|
|
|a 204 с.
|c ил.
|
| 320 |
|
|
|a Библиогр.: с. 199-202.
|
| 606 |
1 |
|
|a Активационный анализ
|2 stltpush
|3 (RuTPU)RU\TPU\subj\1659
|9 30391
|
| 610 |
1 |
|
|a радиоактивационный анализ
|
| 610 |
1 |
|
|a нейтронное излучение
|
| 610 |
1 |
|
|a активационный анализ
|
| 610 |
1 |
|
|a нейтроны
|
| 610 |
1 |
|
|a взаимодействие
|
| 610 |
1 |
|
|a применение
|
| 610 |
1 |
|
|a автоматизация
|
| 610 |
1 |
|
|a радиоактивность
|
| 675 |
|
|
|a 543.52
|v 3
|
| 700 |
|
1 |
|a Тейлор
|b Д.
|g Денис
|
| 702 |
|
1 |
|a Штань
|b А. С.
|4 340
|
| 801 |
|
1 |
|a RU
|b 63413507
|c 20060413
|g PSBO
|
| 801 |
|
2 |
|a RU
|b 63413507
|c 20141219
|g PSBO
|
| 942 |
|
|
|c BK
|